[Event "Oberliga Ost A 2023 2024"]
[Site "?"]
[Date "2023.10.22"]
[Round "1.1"]
[Board "1"]
[White "Spivak, Ilya"]
[Black "Dahl, Christoph"]
[Result "1/2-1/2"]
[WhiteElo "2305"]
[BlackElo "2358"]
[PlyCount "76"]
[EventDate "2023.10.22"]
[EventType "team-tourn"]
[EventCountry "GER"]
[WhiteTeam "Hoyerswerda FVS ASP"]
[BlackTeam "Dresden SG Gruen Weiss"]
[WhiteTeamCountry "GER"]
[BlackTeamCountry "GER"]

1. e4 c5 2. Nf3 d6 3. Bb5+ Nd7 4. a4 Ngf6 5. Nc3 a6 6. Be2 g6 7. a5 Bg7 8. d3 O-O 9. O-O b5 10. axb6 Qxb6 11. Nd2 Ne5 12. h3 Bb7 13. Kh1 Rfd8 14. f4 Nc6 15. Nc4 Qc7 16. f5 Nd4 17. fxg6 hxg6 18. Bg5 Nh7 19. Bh4 f5 20. Nd5 Bxd5 21. exd5 Re8 22. Bf3 Bf6 23. Bf2 Ng5 24. Bxd4 Bxd4 25. c3 Bf6 26. Qe2 Kg7 27. Qf2 Rh8 28. Qg3 Rh6 29. Kg1 Rah8 30. Rxa6 f4 31. Qe1 Qd7 32. Bg4 Qb7 33. Rc6 f3 34. Bxf3 Rxh3 35. gxh3 Nxh3+ 36. Kg2 Nf4+ 37. Kg1 Nh3+ 38. Kg2 Nf4+ 1/2-1/2

[Event "Oberliga Ost A 2023 2024"]
[Site "?"]
[Date "2023.10.22"]
[Round "1.1"]
[Board "2"]
[White "Rudolf, Sebastian"]
[Black "Hovsepyan, Vardan"]
[Result "1-0"]
[WhiteElo "2301"]
[BlackElo "2288"]
[PlyCount "85"]
[EventDate "2023.10.22"]
[EventType "team-tourn"]
[EventCountry "GER"]
[WhiteTeam "Dresden SG Gruen Weiss"]
[BlackTeam "Hoyerswerda FVS ASP"]
[WhiteTeamCountry "GER"]
[BlackTeamCountry "GER"]

1. e4 e5 2. Nf3 Nc6 3. d4 exd4 4. Nxd4 Bc5 5. Nxc6 Qf6 6. Qd2 dxc6 7. Nc3 Be6 8. Na4 Rd8 9. Bd3 Bd4 10. O-O b5 11. c3 bxa4 12. cxd4 Qxd4 13. Rd1 Bg4 14. Re1 Qxd3 15. Qg5 Be6 16. Qxg7 Qd4 17. e5 Qg4 18. Qxh8 Bd5 19. f3 Bxf3 20. g3 Bd5 21. e6 fxe6 22. Bf4 Rd7 23. Re5 Rg7 24. Rf1 h6 25. Rh5 Bc4 26. Re1 Kf7 27. Bxh6 Nxh6 28. Qxh6 Qf3 29. Rg5 Rxg5 30. Qxg5 Ke8 31. Qg6+ Ke7 32. Qe4 Qd3 33. Qxd3 Bxd3 34. Rd1 Bb5 35. a3 e5 36. Kf2 Bc4 37. Ke3 Bd5 38. Rf1 Kd6 39. h4 Kc5 40. Rc1+ Kd6 41. g4 Ke7 42. Rf1 Bc4 43. Rf2 1-0

[Event "Oberliga Ost A 2023 2024"]
[Site "?"]
[Date "2023.10.22"]
[Round "1.1"]
[Board "3"]
[White "Hassemeier, Mika"]
[Black "Kitze, Alexander"]
[Result "0-1"]
[WhiteElo "2072"]
[BlackElo "2281"]
[PlyCount "56"]
[EventDate "2023.10.22"]
[EventType "team-tourn"]
[EventCountry "GER"]
[WhiteTeam "Hoyerswerda FVS ASP"]
[BlackTeam "Dresden SG Gruen Weiss"]
[WhiteTeamCountry "GER"]
[BlackTeamCountry "GER"]

1. d4 Nf6 2. c4 g6 3. Nc3 d5 4. cxd5 Nxd5 5. Na4 Bg7 6. e4 Nb6 7. Be3 O-O 8. Nf3 Bg4 9. Be2 Bxf3 10. gxf3 Nc6 11. d5 Ne5 12. Rc1 Nxa4 13. Qxa4 c6 14. f4 Nd7 15. dxc6 Nb6 16. Qc2 bxc6 17. h4 Qd6 18. a3 Rfd8 19. e5 Qd5 20. Qxc6 Qa2 21. Bxb6 axb6 22. Qb5 Qe6 23. Qb4 Qf5 24. Bf3 Rac8 25. Rxc8 Qb1+ 26. Ke2 Qd3+ 27. Ke1 Rxc8 28. Bd1 Rc4 0-1

[Event "Oberliga Ost A 2023 2024"]
[Site "?"]
[Date "2023.10.22"]
[Round "1.1"]
[Board "4"]
[White "Genkin, Michael"]
[Black "Boehm, Robert"]
[Result "1/2-1/2"]
[WhiteElo "2274"]
[BlackElo "2136"]
[PlyCount "128"]
[EventDate "2023.10.22"]
[EventType "team-tourn"]
[EventCountry "GER"]
[WhiteTeam "Dresden SG Gruen Weiss"]
[BlackTeam "Hoyerswerda FVS ASP"]
[WhiteTeamCountry "GER"]
[BlackTeamCountry "GER"]

1. c4 c6 2. e4 d5 3. exd5 cxd5 4. d4 Nf6 5. Nc3 Nc6 6. Bg5 e6 7. Nf3 Be7 8. c5 O-O 9. Bb5 h6 10. Bh4 Ne4 11. Bxe7 Nxe7 12. Rc1 Bd7 13. Bxd7 Nxc3 14. Rxc3 Qxd7 15. O-O Nc6 16. Re1 Rfe8 17. a3 a5 18. Rb3 Ra6 19. Qe2 a4 20. Re3 Rea8 21. Qc2 Ra5 22. g3 Rb5 23. b4 axb3 24. Rxb3 Rxb3 25. Qxb3 Na5 26. Qb4 Nc4 27. Rb1 Rxa3 28. Ne5 Qa4 29. Qxb7 Nxe5 30. Qb8+ Kh7 31. Qxe5 Rd3 32. Rc1 Rxd4 33. c6 Rd1+ 34. Rxd1 Qxd1+ 35. Kg2 Qc2 36. c7 d4 37. Kf3 d3 38. Qe4+ g6 39. Qf4 Kg8 40. Qd6 d2 41. Qxd2 Qxd2 42. c8=Q+ Kg7 43. Kg2 Qd5+ 44. Kg1 e5 45. h4 Qf3 46. Qe8 Qf5 47. Qe7 Qf6 48. Qe8 h5 49. Kg2 g5 50. hxg5 Qxg5 51. Kf1 Qf5 52. Qe7 Kg6 53. Qf8 Qf6 54. Kg1 Kf5 55. Qc8+ Qe6 56. Qc2+ e4 57. Qd2 Kg6 58. Qd8 Qf6 59. Qg8+ Kf5 60. Qc8+ Kg5 61. Qg8+ Kh6 62. Qe8 Qg6 63. Qh8+ Kg5 64. Qe5+ Kh6 1/2-1/2

[Event "Oberliga Ost A 2023 2024"]
[Site "?"]
[Date "2023.10.22"]
[Round "1.1"]
[Board "5"]
[White "Kregelin, Jan"]
[Black "Siedentopf, Daniel"]
[Result "0-1"]
[WhiteElo "2119"]
[BlackElo "2238"]
[PlyCount "106"]
[EventDate "2023.10.22"]
[EventType "team-tourn"]
[EventCountry "GER"]
[WhiteTeam "Hoyerswerda FVS ASP"]
[BlackTeam "Dresden SG Gruen Weiss"]
[WhiteTeamCountry "GER"]
[BlackTeamCountry "GER"]

{[%evp 0,58,16,10,21,16,27,11,12,-15,-14,-5,-10,-33,-39,-26,-26,-22,-33,-29,-9,-36,-37,-15,-19,-6,-7,-12,-6,-15,16,-1,15,24,36,-42,-30,-30,-8,-8,-11,-49,-33,-35,-35,-34,-27,-74,0,-24,4,-114,-94,-101,-122,-147,-160,-226,-171,-189,-126]} 1. d4 Nf6 2. Nf3 e6 3. g3 c5 4. c4 cxd4 5. Nxd4 d5 6. Bg2 e5 7. Nc2 d4 8. O-O Nc6 9. Bg5 Be7 10. Nd2 O-O 11. Ne1 h6 12. Bxf6 Bxf6 13. Nd3 g6 14. f4 exf4 15. Nxf4 d3 16. exd3 Bxb2 17. Nd5 Bxa1 18. Qxa1 f5 19. Re1 Qd6 20. Qc3 Qc5+ 21. Kh1 Qd4 22. Qa3 Qg7 23. Qd6 Kh8 24. Nf4 Rd8 25. Qc5 Bd7 26. Rb1 b6 27. Qa3 Rac8 28. Bd5 Kh7 29. Nf3 Qe7 30. Qc3 Qg7 31. Qd2 Re8 32. d4 g5 33. Ne2 Ne7 34. Nc3 Nxd5 35. cxd5 Qf6 36. Ne5 Rxe5 37. dxe5 Qxe5 38. Re1 Qxc3 39. Qxc3 Rxc3 40. Re7+ Kg6 41. Rxd7 Ra3 42. d6 Rxa2 43. Rb7 Rd2 44. d7 Kh5 45. h3 a5 46. Rxb6 Rxd7 47. Ra6 Rd5 48. Kg2 Rb5 49. Kf2 Rb2+ 50. Kf3 g4+ 51. hxg4+ fxg4+ 52. Kf4 Rb4+ 53. Kf5 Ra4 0-1

[Event "Oberliga Ost A 2023 2024"]
[Site "?"]
[Date "2023.10.22"]
[Round "1.1"]
[Board "6"]
[White "Kaiser, Dieter"]
[Black "Wolf, Andreas"]
[Result "1/2-1/2"]
[WhiteElo "2221"]
[BlackElo "2051"]
[PlyCount "86"]
[EventDate "2023.10.22"]
[EventType "team-tourn"]
[EventCountry "GER"]
[WhiteTeam "Dresden SG Gruen Weiss"]
[BlackTeam "Hoyerswerda FVS ASP"]
[WhiteTeamCountry "GER"]
[BlackTeamCountry "GER"]

1. Nf3 Nf6 2. c4 e6 3. Nc3 d5 4. e3 Be7 5. b3 O-O 6. Bb2 c5 7. cxd5 Nxd5 8. Qc2 Nc6 9. a3 b6 10. h4 Nxc3 11. Bxc3 f5 12. Rd1 Bf6 13. b4 Qe7 14. Bxf6 gxf6 15. bxc5 Bb7 16. d4 Na5 17. Be2 Rac8 18. Qc3 Qc7 19. Rc1 Rf7 20. Rg1 Rg7 21. g3 Qd8 22. Nd2 f4 23. exf4 Rd7 24. Nb3 Nxb3 25. Qxb3 Rxd4 26. c6 Rd6 27. Bf3 Bxc6 28. Bxc6 Rcxc6 29. Rxc6 Rxc6 30. Ke2 Qd4 31. Qd3 Rd6 32. Qxd4 Rxd4 33. Rc1 Ra4 34. Rc3 Kf7 35. h5 Kg7 36. Ke3 b5 37. g4 a5 38. g5 fxg5 39. fxg5 e5 40. Rc5 Rxa3+ 41. Ke4 b4 42. Kxe5 Rf3 43. Rxa5 Rxf2 1/2-1/2

[Event "Oberliga Ost A 2023 2024"]
[Site "?"]
[Date "2023.10.22"]
[Round "1.1"]
[Board "7"]
[White "Heyme, Sibylle"]
[Black "Gehmlich, Marcel"]
[Result "0-1"]
[WhiteElo "1992"]
[BlackElo "2190"]
[PlyCount "88"]
[EventDate "2023.10.22"]
[EventType "team-tourn"]
[EventCountry "GER"]
[WhiteTeam "Hoyerswerda FVS ASP"]
[BlackTeam "Dresden SG Gruen Weiss"]
[WhiteTeamCountry "GER"]
[BlackTeamCountry "GER"]

1. e4 c5 2. Nf3 e6 3. d4 cxd4 4. Nxd4 a6 5. Nc3 Qc7 6. Bd3 Nf6 7. Bd2 Bc5 8. Nb3 Be7 9. Qe2 d6 10. O-O Nbd7 11. f4 b5 12. a3 Bb7 13. Rae1 e5 14. Kh1 O-O 15. Rf3 Nc5 16. Nxc5 dxc5 17. Nd5 Nxd5 18. exd5 Bxd5 19. Rh3 g6 20. fxe5 Rad8 21. Bf4 Qd7 22. Be4 Bxe4 23. Qxe4 Qg4 24. Rg3 Qe6 25. Rd3 c4 26. Rxd8 Rxd8 27. h3 Rd5 28. Bg3 h5 29. Kh2 Bg5 30. Re2 Bc1 31. c3 Rd2 32. Re1 Bxb2 33. Qa8+ Kh7 34. Bh4 Qd5 35. Qxd5 Rxd5 36. e6 fxe6 37. Rxe6 g5 38. Bg3 a5 39. Bc7 Bxc3 40. Re3 Bd2 41. Re2 Bf4+ 42. Bxf4 gxf4 43. Re4 c3 44. Rxf4 Rc5 0-1

[Event "Oberliga Ost A 2023 2024"]
[Site "?"]
[Date "2023.10.22"]
[Round "1.1"]
[Board "8"]
[White "Butscher, Daniel"]
[Black "Roessel, Louis"]
[Result "1/2-1/2"]
[WhiteElo "2129"]
[BlackElo "1953"]
[PlyCount "202"]
[EventDate "2023.10.22"]
[EventType "team-tourn"]
[EventCountry "GER"]
[WhiteTeam "Dresden SG Gruen Weiss"]
[BlackTeam "Hoyerswerda FVS ASP"]
[WhiteTeamCountry "GER"]
[BlackTeamCountry "GER"]

1. d4 Nf6 2. Nc3 d5 3. Bf4 e6 4. e3 Bd6 5. Qf3 a6 6. O-O-O b5 7. Bd3 Bb7 8. Nge2 Nbd7 9. Ng3 Nb6 10. e4 b4 11. Nce2 dxe4 12. Nxe4 Nxe4 13. Bxe4 Nd5 14. Bxd6 Qxd6 15. Qg3 Qxg3 16. hxg3 O-O-O 17. c4 bxc3 18. bxc3 Nb6 19. Bxb7+ Kxb7 20. Kc2 h6 21. Nf4 Rd6 22. Nd3 Nd7 23. Rb1+ Ka7 24. Rb3 Rb8 25. Rhb1 Rbb6 26. Nb2 Rbc6 27. Rb4 a5 28. Ra4 Rd5 29. Nc4 Ka6 30. Ne3 Nb6 31. Ra3 Rxd4 32. Rab3 Rdd6 33. Rd1 Rc5 34. Rd3 Rb5 35. c4 Rc5 36. Kc3 Rdc6 37. Rd8 f5 38. f4 e5 39. Re8 exf4 40. gxf4 Ka7 41. Re5 Rxe5 42. fxe5 f4 43. Nf5 Nxc4 44. Kd4 Nb6 45. Nxg7 Rg6 46. Ne8 Rxg2 47. Nxc7 Rxa2 48. Nb5+ Kb7 49. Nc3 Rd2+ 50. Kc5 Rc2 51. Rxb6+ Kc7 52. Rb3 a4 53. Ra3 f3 54. Kd4 f2 55. Ra1 a3 56. Nb5+ Kd7 57. Nxa3 Re2 58. Rf1 Ke6 59. Nc4 h5 60. Ne3 Rd2+ 61. Ke4 Ra2 62. Rd1 Ra4+ 63. Rd4 Ra6 64. Rc4 h4 65. Kf3 Kxe5 66. Kxf2 Rf6+ 67. Kg2 Rf4 68. Rc8 Ke4 69. Re8+ Kd3 70. Nf1 Re4 71. Rh8 Ke2 72. Nh2 Ke3 73. Kh3 Ra4 74. Ng4+ Kf4 75. Kxh4 Ra1 76. Rf8+ Ke4 77. Nf2+ Ke3 78. Nh3 Ra7 79. Kg4 Ra4+ 80. Kg3 Ra7 81. Re8+ Kd4 82. Ng5 Kd5 83. Kf4 Ra1 84. Rd8+ Kc4 85. Ke5 Ra2 86. Rd4+ Kb5 87. Kd5 Rh2 88. Nf3 Rh8 89. Ke4 Kc5 90. Rd5+ Kb4 91. Kd4 Rh1 92. Nd2 Rd1 93. Kd3 Rh1 94. Rd8 Rd1 95. Rc8 Kb5 96. Rc2 Rh1 97. Kd4 Rd1 98. Kd5 Kb4 99. Rc4+ Ka3 100. Rd4 Kb2 101. Ke4 Kc3 1/2-1/2

[Event "Oberliga Ost A 2023 2024"]
[Site "?"]
[Date "2023.10.22"]
[Round "1.2"]
[Board "1"]
[White "Schiffer, Stefan"]
[Black "Nguyen, Alex Dac Vuong"]
[Result "1/2-1/2"]
[WhiteElo "2221"]
[BlackElo "2333"]
[PlyCount "93"]
[EventDate "2023.10.22"]
[EventType "team-tourn"]
[EventCountry "GER"]
[WhiteTeam "Leipzig SG II"]
[BlackTeam "Leipzig SG"]
[WhiteTeamCountry "GER"]
[BlackTeamCountry "GER"]

1. e4 c5 2. Nf3 e6 3. d3 Nc6 4. g3 g6 5. Bg5 Qb6 6. Nbd2 Qxb2 7. Nc4 Qg7 8. Bf4 d5 9. exd5 exd5 10. Qe2+ Be6 11. Nce5 Bd6 12. Rb1 Nxe5 13. Bxe5 Bxe5 14. Nxe5 b6 15. d4 cxd4 16. Qb5+ Kf8 17. f4 Rc8 18. Bd3 f6 19. Nc6 Qc7 20. Qb4+ Kf7 21. Nxd4 Qe7 22. Qxe7+ Nxe7 23. Nb5 Rhd8 24. Nxa7 Ra8 25. Nb5 Rxa2 26. Nc3 Ra3 27. Nb5 Ra2 28. Nc3 Ra3 29. Nb5 Ra5 30. Nd4 Rb8 31. Kd2 Bd7 32. Rhe1 Ra4 33. Nb3 Rc8 34. Nc1 b5 35. Bxb5 Bxb5 36. Rxb5 Rac4 37. Rb2 Nf5 38. Ne2 Nd6 39. Ra1 R8c7 40. Kd3 Ne4 41. Ra5 Nc5+ 42. Kd2 Ke6 43. c3 Kf5 44. Ke3 g5 45. fxg5 fxg5 46. Rd2 Re4+ 47. Kf3 1/2-1/2

[Event "Oberliga Ost A 2023 2024"]
[Site "?"]
[Date "2023.10.22"]
[Round "1.2"]
[Board "2"]
[White "Natsidis, Christoph"]
[Black "Roemling, Sven"]
[Result "1/2-1/2"]
[WhiteElo "2322"]
[BlackElo "2225"]
[PlyCount "86"]
[EventDate "2023.10.22"]
[EventType "team-tourn"]
[EventCountry "GER"]
[WhiteTeam "Leipzig SG"]
[BlackTeam "Leipzig SG II"]
[WhiteTeamCountry "GER"]
[BlackTeamCountry "GER"]

1. d4 Nf6 2. c4 e6 3. Nf3 Bb4+ 4. Nbd2 d5 5. a3 Be7 6. g3 O-O 7. Bg2 c5 8. cxd5 exd5 9. dxc5 Bxc5 10. O-O Nc6 11. b4 Bb6 12. Bb2 Bf5 13. Nb3 Re8 14. Nfd4 Bg4 15. Nxc6 bxc6 16. Re1 Qe7 17. Bd4 Rad8 18. Qc2 Bd7 19. Qb2 Ng4 20. Nc5 Bc8 21. Rac1 Rd6 22. Nd3 Ba6 23. Nc5 Bc8 24. Na4 Bxd4 25. Qxd4 Rf6 26. Rf1 h5 27. b5 cxb5 28. Nc3 Be6 29. Nxb5 a6 30. Nc7 Rd8 31. Nxa6 Qxa3 32. Nc5 Rxf2 33. Nd3 Rxe2 34. Nf4 Re5 35. Rc3 Qd6 36. Rfc1 Kh7 37. Rc6 Re1+ 38. Rxe1 Qxc6 39. Nxh5 Rg8 40. Bh3 Ne5 41. Qxe5 Bxh3 42. Nf4 Bg4 43. Nxd5 Rd8 1/2-1/2

[Event "Oberliga Ost A 2023 2024"]
[Site "?"]
[Date "2023.10.22"]
[Round "1.2"]
[Board "3"]
[White "Neuhoff, Laertes"]
[Black "Haufe, Laurin"]
[Result "1-0"]
[WhiteElo "1902"]
[BlackElo "2239"]
[PlyCount "75"]
[EventDate "2023.10.22"]
[EventType "team-tourn"]
[EventCountry "GER"]
[WhiteTeam "Leipzig SG II"]
[BlackTeam "Leipzig SG"]
[WhiteTeamCountry "GER"]
[BlackTeamCountry "GER"]

1. e4 c6 2. d4 d5 3. e5 c5 4. dxc5 e6 5. Nf3 Bxc5 6. Bd3 Ne7 7. O-O Nd7 8. a3 a6 9. b4 Ba7 10. Bb2 Ng6 11. Nbd2 Nf4 12. Nb3 O-O 13. Rc1 b5 14. Qd2 Ng6 15. Rfe1 Nb6 16. Bd4 Na4 17. Qe3 Bxd4 18. Qxd4 Bd7 19. h4 Ne7 20. Qg4 f5 21. exf6 Rxf6 22. Ng5 Nf5 23. Bxf5 exf5 24. Qd4 Bc6 25. Re2 h6 26. Ne6 Qd6 27. Rce1 f4 28. Nxg7 Bd7 29. Nh5 Rf7 30. Re5 Nb6 31. Nc5 Rd8 32. Nxd7 Nxd7 33. Re6 Qf8 34. Rg6+ Kh7 35. Ree6 Rc8 36. Qd3 Rc4 37. Rg7+ Kh8 38. Qh7# 1-0

[Event "Oberliga Ost A 2023 2024"]
[Site "?"]
[Date "2023.10.22"]
[Round "1.2"]
[Board "4"]
[White "Richter, Leonard"]
[Black "Schunk, Thomas"]
[Result "1-0"]
[WhiteElo "2245"]
[BlackElo "2167"]
[PlyCount "65"]
[EventDate "2023.10.22"]
[EventType "team-tourn"]
[EventCountry "GER"]
[WhiteTeam "Leipzig SG"]
[BlackTeam "Leipzig SG II"]
[WhiteTeamCountry "GER"]
[BlackTeamCountry "GER"]

1. e4 g6 2. d4 Bg7 3. Nc3 d6 4. Be3 Nf6 5. f3 c6 6. Qd2 h6 7. Nge2 b5 8. g4 a5 9. Ng3 h5 10. gxh5 Nxh5 11. Nxh5 Rxh5 12. Ne2 b4 13. Ng3 Rh7 14. h4 Nd7 15. h5 Nf8 16. O-O-O Kd7 17. Bc4 e6 18. h6 Bh8 19. d5 exd5 20. exd5 c5 21. Ne4 f5 22. Bb5+ Kc7 23. Bg5 Re7 24. Nxc5 Nh7 25. Bxe7 Qxe7 26. Na4 g5 27. Qf2 Kb8 28. Qb6+ Bb7 29. f4 gxf4 30. Rde1 Be5 31. Rhg1 f3 32. Rxe5 dxe5 33. Rg7 1-0

[Event "Oberliga Ost A 2023 2024"]
[Site "?"]
[Date "2023.10.22"]
[Round "1.2"]
[Board "5"]
[White "Herrmann, Arthur"]
[Black "Roesemann, Rainer"]
[Result "1-0"]
[WhiteElo "1930"]
[BlackElo "2273"]
[PlyCount "77"]
[EventDate "2023.10.22"]
[EventType "team-tourn"]
[EventCountry "GER"]
[WhiteTeam "Leipzig SG II"]
[BlackTeam "Leipzig SG"]
[WhiteTeamCountry "GER"]
[BlackTeamCountry "GER"]

1. e4 c6 2. d4 d5 3. exd5 cxd5 4. Bd3 Nc6 5. c3 Qc7 6. h3 g6 7. Nf3 Bf5 8. Be2 Bg7 9. O-O Nf6 10. Re1 O-O 11. Bf1 Rad8 12. Nbd2 Rfe8 13. Ne5 Nxe5 14. dxe5 Ne4 15. Nf3 f6 16. g4 Bc8 17. c4 e6 18. cxd5 exd5 19. exf6 Bxf6 20. Bd3 b6 21. Rb1 Bb7 22. Bd2 Qc5 23. Be3 d4 24. Bf4 Qd5 25. Rc1 Kh8 26. Bc4 Qd7 27. Bd3 Nc5 28. b4 Rxe1+ 29. Nxe1 Ne6 30. Bg3 Ng5 31. Rc7 Qd5 32. f3 b5 33. h4 Ne6 34. Be4 Qxa2 35. Rxb7 d3 36. Nxd3 Nd4 37. Bf2 Ne2+ 38. Kf1 Nf4 39. Rxa7 1-0

[Event "Oberliga Ost A 2023 2024"]
[Site "?"]
[Date "2023.10.22"]
[Round "1.2"]
[Board "7"]
[White "Anschuetz, Mario"]
[Black "Rausch, Stephan"]
[Result "0-1"]
[WhiteElo "2012"]
[BlackElo "2260"]
[PlyCount "84"]
[EventDate "2023.10.22"]
[EventType "team-tourn"]
[EventCountry "GER"]
[WhiteTeam "Leipzig SG II"]
[BlackTeam "Leipzig SG"]
[WhiteTeamCountry "GER"]
[BlackTeamCountry "GER"]

1. d4 e6 2. c4 d5 3. cxd5 exd5 4. Nc3 c6 5. Qc2 Nf6 6. Bg5 Be7 7. e3 O-O 8. Bd3 h6 9. Bh4 Re8 10. Nge2 Nbd7 11. f3 Nf8 12. O-O-O Qa5 13. Kb1 Ng4 14. fxg4 Bxh4 15. g3 Bg5 16. h4 Bxe3 17. g5 Bg4 18. Rdf1 c5 19. Bf5 Bxe2 20. Nxe2 Qd2 21. Qxd2 Bxd2 22. Nf4 Bxf4 23. Rxf4 hxg5 24. hxg5 g6 25. Bg4 cxd4 26. Rxd4 Re4 27. Rhd1 Rxd4 28. Rxd4 Rd8 29. Bf3 Ne6 30. Rxd5 Rxd5 31. Bxd5 b6 32. Bxe6 fxe6 33. Kc2 Kf7 34. Kd3 e5 35. Kc4 Ke6 36. g4 Kd6 37. a4 a5 38. b4 axb4 39. Kxb4 e4 40. Kc4 Ke5 41. Kb5 e3 42. Kxb6 e2 0-1

[Event "Oberliga Ost A 2023 2024"]
[Site "?"]
[Date "2023.10.22"]
[Round "1.2"]
[Board "8"]
[White "Pietzsch, Manuel"]
[Black "Agnello, Francesco Claudio"]
[Result "1/2-1/2"]
[WhiteElo "2060"]
[BlackElo "2050"]
[PlyCount "23"]
[EventDate "2023.10.22"]
[EventType "team-tourn"]
[EventCountry "GER"]
[WhiteTeam "Leipzig SG"]
[BlackTeam "Leipzig SG II"]
[WhiteTeamCountry "GER"]
[BlackTeamCountry "GER"]

1. e4 c5 2. Nf3 Nc6 3. b4 Nxb4 4. c3 Nc6 5. d4 cxd4 6. cxd4 g6 7. Bc4 Bg7 8. O-O d6 9. Nc3 Nf6 10. Rb1 O-O 11. Qe2 Bg4 12. Rd1 1/2-1/2

[Event "Oberliga Ost A 2023 2024"]
[Site "?"]
[Date "2023.10.22"]
[Round "1.3"]
[Board "1"]
[White "Bilous, Mykhailo"]
[Black "Wagner, Benjamin"]
[Result "1-0"]
[WhiteElo "2419"]
[BlackElo "2139"]
[PlyCount "75"]
[EventDate "2023.10.22"]
[EventType "team-tourn"]
[EventCountry "GER"]
[WhiteTeam "Dessau SK"]
[BlackTeam "Magdeburg SG Aufbau Elbe II"]
[WhiteTeamCountry "GER"]
[BlackTeamCountry "GER"]

1. d4 d5 2. c4 e6 3. Nc3 Bb4 4. e3 Nf6 5. Bd2 c5 6. Nf3 O-O 7. Qc2 cxd4 8. exd4 Nc6 9. a3 Bd6 10. Bg5 h6 11. Bh4 dxc4 12. Bxc4 Be7 13. Rd1 Nd5 14. Bg3 Nxc3 15. Qxc3 Bf6 16. O-O Qb6 17. Rd2 Rd8 18. Rfd1 Ne7 19. Be5 Nd5 20. Qc2 Qc6 21. Qd3 a6 22. Ba2 b5 23. Bb1 Bb7 24. Qh7+ Kf8 25. Be4 Qd7 26. Rc2 Rac8 27. Rxc8 Rxc8 28. Bxd5 Qxd5 29. Bxf6 gxf6 30. Qxh6+ Ke7 31. Qe3 Rg8 32. Kh1 Qf5 33. d5 Bxd5 34. Qc5+ Kd7 35. Qa7+ Kd6 36. Rc1 Bc6 37. Rxc6+ Kxc6 38. Nd4+ 1-0

[Event "Oberliga Ost A 2023 2024"]
[Site "?"]
[Date "2023.10.22"]
[Round "1.3"]
[Board "2"]
[White "Lippert, Daniel"]
[Black "Becker, Michael"]
[Result "0-1"]
[WhiteElo "2051"]
[BlackElo "2245"]
[PlyCount "88"]
[EventDate "2023.10.22"]
[EventType "team-tourn"]
[EventCountry "GER"]
[WhiteTeam "Magdeburg SG Aufbau Elbe II"]
[BlackTeam "Dessau SK"]
[WhiteTeamCountry "GER"]
[BlackTeamCountry "GER"]

1. e4 c5 2. Nf3 d6 3. d4 cxd4 4. Nxd4 Nf6 5. Nc3 Nc6 6. Bg5 e6 7. Qd3 Be7 8. O-O-O O-O 9. h4 Nxd4 10. Qxd4 a6 11. f4 Qa5 12. Qe3 Rd8 13. Be2 h6 14. Qg3 Kf8 15. Bxf6 Bxf6 16. e5 Be7 17. Kb1 b5 18. Ne4 d5 19. Nd2 Qb6 20. Qd3 f5 21. g4 b4 22. g5 h5 23. Bxh5 a5 24. Bg6 a4 25. Qf3 Bc5 26. Qh5 Ke7 27. Qh7 Kd7 28. Nc4 Qa6 29. Qxg7+ Kc6 30. Nd6 Bd7 31. Nxf5 b3 32. cxb3 axb3 33. a3 Bxa3 34. Nd4+ Kb6 35. Rh3 Bb4 36. Rxb3 Qa2+ 37. Kc2 Ba4 38. Rdd3 Rdc8+ 39. Kd1 Bxb3+ 40. Rxb3 Rc4 41. Bc2 Rxd4+ 42. Ke2 Rc8 43. Qg6 Rc6 44. h5 Qa1 0-1

[Event "Oberliga Ost A 2023 2024"]
[Site "?"]
[Date "2023.10.22"]
[Round "1.3"]
[Board "3"]
[White "Matthey, Harald"]
[Black "Rafayevych, Vilen"]
[Result "0-1"]
[WhiteElo "2096"]
[BlackElo "2158"]
[PlyCount "42"]
[EventDate "2023.10.22"]
[EventType "team-tourn"]
[EventCountry "GER"]
[WhiteTeam "Dessau SK"]
[BlackTeam "Magdeburg SG Aufbau Elbe II"]
[WhiteTeamCountry "GER"]
[BlackTeamCountry "GER"]

1. d4 Nf6 2. Nf3 g6 3. c4 Bg7 4. Nc3 O-O 5. e4 d6 6. Be2 Nbd7 7. Bf4 e5 8. dxe5 dxe5 9. Bg3 c6 10. Qc2 Nh5 11. Bh4 Qc7 12. Rd1 Nc5 13. Bg5 Nf4 14. g3 Nxe2 15. Nxe2 f5 16. Nd2 f4 17. gxf4 exf4 18. f3 Qe5 19. Bxf4 Rxf4 20. Nxf4 Qxf4 21. O-O Bh3 0-1

[Event "Oberliga Ost A 2023 2024"]
[Site "?"]
[Date "2023.10.22"]
[Round "1.3"]
[Board "4"]
[White "Koenig, Marco"]
[Black "Mirschinka, Dirk"]
[Result "1-0"]
[WhiteElo "2083"]
[BlackElo "2172"]
[PlyCount "57"]
[EventDate "2023.10.22"]
[EventType "team-tourn"]
[EventCountry "GER"]
[WhiteTeam "Magdeburg SG Aufbau Elbe II"]
[BlackTeam "Dessau SK"]
[WhiteTeamCountry "GER"]
[BlackTeamCountry "GER"]

1. e4 d6 2. d4 Nf6 3. Nc3 c6 4. f4 Qa5 5. Bd3 e5 6. Nf3 exd4 7. Nxd4 Be7 8. Be3 Ng4 9. Bg1 O-O 10. Qf3 Nh6 11. h3 f5 12. O-O-O Bf6 13. Nb3 Qc7 14. exf5 Bxc3 15. bxc3 Bxf5 16. g4 Bxd3 17. Qxd3 d5 18. f5 Nd7 19. Bh2 Qb6 20. c4 Nc5 21. Nxc5 Qxc5 22. cxd5 Rad8 23. d6 Nf7 24. Rhe1 Rd7 25. h4 Rfd8 26. Re6 Kf8 27. g5 Qb4 28. Bg3 Qg4 29. Rde1 1-0

[Event "Oberliga Ost A 2023 2024"]
[Site "?"]
[Date "2023.10.22"]
[Round "1.3"]
[Board "5"]
[White "Schubert, Ralf"]
[Black "Morgenstern, Tobias"]
[Result "1-0"]
[WhiteElo "2082"]
[BlackElo "1886"]
[PlyCount "57"]
[EventDate "2023.10.22"]
[EventType "team-tourn"]
[EventCountry "GER"]
[WhiteTeam "Dessau SK"]
[BlackTeam "Magdeburg SG Aufbau Elbe II"]
[WhiteTeamCountry "GER"]
[BlackTeamCountry "GER"]

1. d4 Nf6 2. c4 c5 3. d5 b5 4. cxb5 a6 5. bxa6 Bxa6 6. Nc3 d6 7. e4 Bxf1 8. Kxf1 g6 9. g3 Bg7 10. Kg2 O-O 11. Nge2 Qb6 12. Qc2 Na6 13. Bf4 Nd7 14. a4 c4 15. Nb5 Rfc8 16. Be3 Nb4 17. Qd1 Qa5 18. Ned4 Nc5 19. Bd2 Bxd4 20. Nxd4 Qb6 21. a5 Qb7 22. Bxb4 Qxb4 23. Nc6 Qxb2 24. Nxe7+ Kf8 25. Nxc8 Nd3 26. Qf3 Rxc8 27. a6 Qd4 28. a7 Ra8 29. Qe3 1-0

[Event "Oberliga Ost A 2023 2024"]
[Site "?"]
[Date "2023.10.22"]
[Round "1.3"]
[Board "6"]
[White "Willberg, Frank"]
[Black "Erler, Rainer"]
[Result "0-1"]
[WhiteElo "1891"]
[BlackElo "2150"]
[PlyCount "116"]
[EventDate "2023.10.22"]
[EventType "team-tourn"]
[EventCountry "GER"]
[WhiteTeam "Magdeburg SG Aufbau Elbe II"]
[BlackTeam "Dessau SK"]
[WhiteTeamCountry "GER"]
[BlackTeamCountry "GER"]

1. Nf3 d5 2. g3 c5 3. c4 d4 4. Bg2 Nc6 5. O-O e5 6. d3 Bd6 7. e3 Nge7 8. Nbd2 Nf5 9. e4 Nfe7 10. h3 h6 11. a3 a5 12. b3 g5 13. Nh2 h5 14. Ndf3 f6 15. h4 g4 16. Ne1 Ng8 17. Nc2 Qd7 18. Rb1 Qg7 19. f4 Qc7 20. Bd2 Nge7 21. b4 axb4 22. axb4 cxb4 23. Nxb4 Nxb4 24. Bxb4 Nc6 25. Bd2 Qe7 26. Ra1 Rxa1 27. Qxa1 O-O 28. f5 Kh7 29. Rb1 Nb4 30. Qa3 Na6 31. Qa5 Nc5 32. Bf1 Bd7 33. Bb4 Bc6 34. Be2 Na4 35. Bxd6 Qxd6 36. Qb4 Qxb4 37. Rxb4 Nc3 38. Kf2 Ra8 39. Rb2 Ra1 40. Nf1 Kg7 41. Nd2 Na4 42. Rc2 Nc5 43. Nf1 Ra3 44. Rd2 Kf8 45. Ke1 Ke7 46. Rd1 Ba4 47. Rd2 Rc3 48. Kf2 Kd6 49. Rb2 Ra3 50. Rd2 Rc3 51. Nh2 Bc2 52. Nxg4 hxg4 53. h5 Ke7 54. Bxg4 Bxd3 55. h6 Nxe4+ 56. Kg1 Ng5 57. Rb2 Be4 58. Bh5 Rxg3+ 0-1